MARC details
| 000 -LEADER |
| fixed length control field |
01225cam a2200337 a 4500 |
| 001 - CONTROL NUMBER |
| control field |
16859908 |
| 003 - CONTROL NUMBER IDENTIFIER |
| control field |
GZU |
| 005 - DATE AND TIME OF LATEST TRANSACTION |
| control field |
20200907104814.0 |
| 008 - FIXED-LENGTH DATA ELEMENTS--GENERAL INFORMATION |
| fixed length control field |
110707s2011 enk b 001 0 eng |
| 010 ## - LIBRARY OF CONGRESS CONTROL NUMBER |
| LC control number |
2011028605 |
| 020 ## - INTERNATIONAL STANDARD BOOK NUMBER |
| International Standard Book Number |
9781441120489 (hardcover) |
| 020 ## - INTERNATIONAL STANDARD BOOK NUMBER |
| International Standard Book Number |
9781441102072 (pbk.) |
| 040 ## - CATALOGING SOURCE |
| Original cataloging agency |
DLC |
| Transcribing agency |
DLC |
| Modifying agency |
DLC |
| 043 ## - GEOGRAPHIC AREA CODE |
| Geographic area code |
e------ |
| -- |
a-tu--- |
| 050 00 - LIBRARY OF CONGRESS CALL NUMBER |
| Classification number |
D1056.2 |
| Item number |
MUS 2011 |
| 082 00 - DEWEY DECIMAL CLASSIFICATION NUMBER |
| Classification number |
305.6/97094 |
| Edition number |
23 |
| 245 00 - TITLE STATEMENT |
| Title |
European Muslims, civility and public life perspectives on and from the Gülen movement / |
| Statement of responsibility, etc. |
edited by Paul Weller and Ihsan Yilmaz. |
| 260 ## - PUBLICATION, DISTRIBUTION, ETC. |
| Place of publication, distribution, etc. |
London ; |
| -- |
New York : |
| Name of publisher, distributor, etc. |
Continuum International Pub. Group, |
| Date of publication, distribution, etc. |
2011. |
| 300 ## - PHYSICAL DESCRIPTION |
| Extent |
xxxiv, 255 p. ; |
| Dimensions |
24 cm. |
| 504 ## - BIBLIOGRAPHY, ETC. NOTE |
| Bibliography, etc. note |
Includes bibliographical references (p. 211-228) and index. |
| 600 10 - SUBJECT ADDED ENTRY--PERSONAL NAME |
| Personal name |
Gülen, Fethullah. |
| 650 #0 - SUBJECT ADDED ENTRY--TOPICAL TERM |
| Topical term or geographic name entry element |
Muslims |
| Geographic subdivision |
Europe. |
| 650 #0 - SUBJECT ADDED ENTRY--TOPICAL TERM |
| Topical term or geographic name entry element |
Muslims |
| General subdivision |
Ethnic identity. |
| 650 #0 - SUBJECT ADDED ENTRY--TOPICAL TERM |
| Topical term or geographic name entry element |
Islamic education |
| Geographic subdivision |
Europe. |
| 650 #0 - SUBJECT ADDED ENTRY--TOPICAL TERM |
| Topical term or geographic name entry element |
Islam and politics |
| Geographic subdivision |
Turkey. |
| 700 1# - ADDED ENTRY--PERSONAL NAME |
| Personal name |
Weller, Paul, |
| Dates associated with a name |
1956- |
| 700 1# - ADDED ENTRY--PERSONAL NAME |
| Personal name |
Yılmaz, İhsan, |
| Dates associated with a name |
1971- |
| 906 ## - LOCAL DATA ELEMENT F, LDF (RLIN) |
| a |
7 |
| b |
cbc |
| c |
orignew |
| d |
1 |
| e |
ecip |
| f |
20 |
| g |
y-gencatlg |
| 942 ## - ADDED ENTRY ELEMENTS (KOHA) |
| Source of classification or shelving scheme |
Library of Congress Classification |
| Koha item type |
Books |
| Classification part |
1056.2 |
| Item part |
MUS |
| Call number prefix |
D |